000 00755nam a2200289Ia 4500
005 20260324130017.0
008 008 260324s9999 xx 000 0 eng d
020 _a9781849770767
037 _aEBOOK
040 _aCRL
040 _beng
040 _cCRL
041 _2eng
041 _aeng
084 _qCRL
100 _aRobert Mendelsohn; Rashid Hassan; Ariel Dinar; et al; James Benhin
_91180179
245 0 _aClimate Change and Agriculture in Africa
245 0 _bImpact Assessment and Adaptation Strategies
260 _bTaylor and Francis
260 _c2008
365 _a
365 _b220
856 _uhttp://www.taylorfrancis.com/books/9781849770767
942 _cEBOOK
999 _c1775924
_d1775924